| 000 | 00000nam##2200000za#4500 |
| 001 | 9.696342 |
| 003 | CaOODSP |
| 005 | 20230117131524 |
| 007 | cr ||||||||||| |
| 008 | 150407|2000||||xxc|||||o f|0| 0 eng|d |
| 040 | |aCaOODSP|beng |
| 043 | |an-cn--- |
| 086 | 1 |aJL2-12/2000E-PDF |
| 110 | 2 |aLaw Commission of Canada. |
| 245 | 10|aSpeaking truth to power : |h[electronic resource]|ba treaty forum |
| 260 | |aOttawa - Ontario : |bLaw Commission of Canada |c[2000]. |
| 300 | |a199p.|bmap, references |
| 500 | |aThe catalogue number (JL2-12/2000E) and ISBN (0-662-29964-7) for the print edition have been incorrectly copied in this electronic publication. |
| 590 | |a12-28-Supp|b2012-06-15 |
| 690 | 07|aIndigenous lands|2gcpds |
| 690 | 07|aIndigenous rights|2gcpds |
| 690 | 07|aAgreements|2gcpds |
| 710 | 2 |aBritish Columbia Treaty Commission. |
| 775 | 08|tParlons franchement à propos des traités |w(CaOODSP)9.640459 |
| 776 | 0#|tSpeaking truth to power : |w(CaOODSP)9.647962 |
| 856 | 40|ahttp://publications.gc.ca|qPDF|s1.43 MB|uhttps://publications.gc.ca/collections/Collection/JL2-12-2000E.pdf |